[Event "1st FIDE OWCCCC Pools-East 2021"]
[Site "Online"]
[Date "2021.02.19"]
[Round "2.25"]
[White "Brylski, Pawel"]
[Black "Jana, Sandipan"]
[Result "1-0"]
[WhiteElo "1966"]
[BlackElo "381"]
[Annotator "NA"]
[PlyCount "119"]
[EventDate "2021.02.19"]
[EventType "team-tourn"]
[EventCountry "NET"]
[SourceTitle "playchess.com"]
[Source "ChessBase"]
[SourceQuality "1"]

1. e4 e5 2. Nf3 d6 3. d4 exd4 4. Nxd4 h6 5. Nc3 Nf6 6. Bc4 Bg4 7. f3 Bh5 8. O-O Be7 9. Be3 O-O 10. Qd2 Nbd7 11. Nf5 Nh7 12. Bxh6 Bg5 13. Bxg5 Qxg5 14. Qxg5 Nxg5 15. Nd5 c6 16. Nf4 Nf6 17. g4 Nxf3+ 18. Rxf3 Bxg4 19. Rg3 Bxf5 20. exf5 d5 21. Bd3 Rfe8 22. Kf1 Re7 23. Re1 Rxe1+ 24. Kxe1 Re8+ 25. Kd2 c5 26. b3 b5 27. c4 bxc4 28. bxc4 dxc4 29. Bc2 Rd8+ 30. Kc3 Rd4 31. Rf3 Rxf4 32. Rxf4 Nd5+ 33. Kxc4 Nxf4 34. Kxc5 Ng2 35. Kb5 Ne3 36. Be4 Kh7 37. a4 Ng4 38. Ka6 Kh6 39. Kxa7 Nf6 40. Bd3 Nd5 41. a5 Kg5 42. Kb7 Kf4 43. a6 Nb4 44. a7 Nxd3 45. a8=Q Kxf5 46. Qg8 Kg6 47. Kc7 Nf4 48. Kd6 Nh5 49. Qb8 Nf6 50. Qb1+ Kh6 51. Ke7 Ng4 52. Kxf7 Ne5+ 53. Ke6 Ng6 54. Qc1+ Kh5 55. Kf7 Nh4 56. Kxg7 Nf3 57. Qf4 Ng5 58. Qe5 Kh4 59. Kg6 Nh3 60. Qg3# 1-0

[Event "1st FIDE OWCCCC Pools-East 2021"]
[Site "Online"]
[Date "2021.02.19"]
[Round "2.26"]
[White "Jonnalagadda, Rama krishna"]
[Black "Dungl, Martin"]
[Result "1-0"]
[WhiteElo "2155"]
[BlackElo "2026"]
[Annotator "NA"]
[PlyCount "129"]
[EventDate "2021.02.19"]
[EventType "team-tourn"]
[EventCountry "NET"]
[SourceTitle "playchess.com"]
[Source "ChessBase"]
[SourceQuality "1"]

1. e4 c5 2. Nc3 Nc6 3. f4 g6 4. Nf3 d6 5. Bc4 Nf6 6. O-O Bg7 7. d3 Bg4 8. h3 Bxf3 9. Qxf3 Nd4 10. Qf2 O-O 11. f5 e6 12. Be3 Nd7 13. Kh1 exf5 14. Rae1 Nb6 15. Bd5 Nxd5 16. Nxd5 fxe4 17. dxe4 Ne6 18. Qd2 Re8 19. Bh6 Be5 20. Qf2 Qd7 21. c3 b5 22. Qf6 Rad8 23. Qf2 Nc7 24. Nf6+ Bxf6 25. Qxf6 Ne6 26. Re3 Qe7 27. Qf2 a5 28. Rf3 Rd7 29. Rf6 b4 30. Qf3 Ng7 31. Qg4 bxc3 32. bxc3 Rb7 33. Bxg7 Kxg7 34. R6f4 Qe5 35. Qf3 Ree7 36. a4 Qe6 37. Qd3 Qe5 38. Qf3 Qe6 39. Qd3 Kg8 40. Rf6 Qxe4 41. Qxd6 Qxa4 42. Qxc5 Qd7 43. Qxa5 Qc7 44. Qa8+ Rb8 45. Qf3 Rbe8 46. Rf4 Re3 47. Qd5 R8e7 48. c4 Re1 49. Qf3 Rxf1+ 50. Qxf1 Qc5 51. Rf3 Kg7 52. Rf4 Rc7 53. Qa1+ Kg8 54. Qf6 Qe7 55. Qxe7 Rxe7 56. c5 f5 57. Rc4 Rc7 58. Kh2 Kf7 59. Kg3 Ke6 60. Kf4 Kd5 61. Rc1 Rxc5 62. Rxc5+ Kxc5 63. Kg5 Kd4 64. Kh6 Ke5 65. Kxh7 1-0

[Event "1st FIDE OWCCCC Pools-East 2021"]
[Site "Online"]
[Date "2021.02.19"]
[Round "2.26"]
[White "Mertens, Fridolin"]
[Black "Ebrahim Kamal, Ahmed"]
[Result "1-0"]
[WhiteElo "2143"]
[BlackElo "1835"]
[Annotator "NA"]
[PlyCount "57"]
[EventDate "2021.02.19"]
[EventType "team-tourn"]
[EventCountry "NET"]
[SourceTitle "playchess.com"]
[Source "ChessBase"]
[SourceQuality "1"]

1. e4 e5 2. Nc3 Nc6 3. g3 Bc5 4. Bg2 d6 5. Nge2 Bg4 6. h3 Bh5 7. O-O Nf6 8. d3 Nd4 9. g4 Bg6 10. Ng3 Qd7 11. Nd5 Nxd5 12. exd5 O-O-O 13. a4 h5 14. c3 h4 15. cxd4 hxg3 16. dxc5 gxf2+ 17. Rxf2 f5 18. c6 Qe7 19. cxb7+ Kb8 20. gxf5 Bh5 21. Qd2 Rdg8 22. Qg5 Qf7 23. a5 g6 24. f6 Kxb7 25. a6+ Ka8 26. Qd2 Rb8 27. Qc3 Rb6 28. Be3 Rb5 29. Qc6+ 1-0

[Event "1st FIDE OWCCCC Pools-East 2021"]
[Site "Online"]
[Date "2021.02.19"]
[Round "2.26"]
[White "Kumar, Gaurav"]
[Black "Furtak, Joanna"]
[Result "0-1"]
[WhiteElo "2036"]
[BlackElo "1868"]
[Annotator "NA"]
[PlyCount "88"]
[EventDate "2021.02.19"]
[EventType "team-tourn"]
[EventCountry "NET"]
[SourceTitle "playchess.com"]
[Source "ChessBase"]
[SourceQuality "1"]

1. e4 c5 2. Nf3 Nc6 3. Bc4 e6 4. Nc3 a6 5. a4 Nge7 6. d4 cxd4 7. Nxd4 Nxd4 8. Qxd4 Nc6 9. Qe3 Be7 10. O-O Qc7 11. Re1 Ne5 12. Bb3 Ng4 13. Qf4 Qxf4 14. Bxf4 Bc5 15. Be3 Nxe3 16. fxe3 O-O 17. e5 d5 18. exd6 Bxd6 19. Ne4 Be5 20. c3 b6 21. Rad1 Bb7 22. Nd6 Bc6 23. Rf1 Rad8 24. Nxf7 Rxd1 25. Nh6+ gxh6 26. Bxe6+ Kg7 27. Rxd1 Bxa4 28. b3 Bc6 29. c4 Kf6 30. Rf1+ Ke7 31. Bd5 Bxd5 32. Rxf8 Kxf8 33. cxd5 Ke7 34. e4 Kd6 35. Kf2 Kc5 36. Kf3 Kb4 37. g3 Kxb3 38. Kg4 Kc4 39. Kf5 Kd4 40. Ke6 Kxe4 41. d6 Bxd6 42. Kxd6 a5 43. Kc6 a4 44. Kxb6 a3 0-1

[Event "1st FIDE OWCCCC Pools-East 2021"]
[Site "Online"]
[Date "2021.02.19"]
[Round "2.26"]
[White "Kamenik, David"]
[Black "Shlauzer, Andrey"]
[Result "0-1"]
[WhiteElo "1802"]
[BlackElo "2122"]
[Annotator "NA"]
[PlyCount "92"]
[EventDate "2021.02.19"]
[EventType "team-tourn"]
[EventCountry "NET"]
[SourceTitle "playchess.com"]
[Source "ChessBase"]
[SourceQuality "1"]

1. e4 c5 2. Nf3 Nc6 3. Bb5 g6 4. Bxc6 dxc6 5. c4 Bg7 6. O-O Nf6 7. d3 O-O 8. Nc3 Bg4 9. h3 Bxf3 10. Qxf3 Qd7 11. Bf4 Rad8 12. Rad1 Ne8 13. Qg3 b6 14. e5 Nc7 15. Ne4 Ne6 16. Bc1 Qd4 17. Be3 Qxe5 18. Qxe5 Bxe5 19. b3 Rd7 20. f4 Bd4 21. Bxd4 Nxd4 22. g4 Rfd8 23. Kg2 Nc2 24. Rf3 Rxd3 25. Rdxd3 Rxd3 26. Rf2 Nd4 27. f5 Re3 28. Ng3 Kg7 29. fxg6 hxg6 30. h4 e5 31. g5 Ne6 32. Rd2 Nf4+ 33. Kf2 Rd3 34. Rc2 f5 35. gxf6+ Kxf6 36. Ne4+ Kf5 37. Ng5 Kg4 38. Nf7 Rf3+ 39. Ke1 Kf5 40. Rd2 Rd3 41. Rf2 Ke4 42. Ng5+ Kf5 43. Nf7 Rh3 44. Nd6+ Ke6 45. Nc8 Nd3+ 46. Ke2 Nxf2 0-1

[Event "1st FIDE OWCCCC Pools-East 2021"]
[Site "Online"]
[Date "2021.02.19"]
[Round "2.27"]
[White "Krasenkow, Michal"]
[Black "Ghosh Vinodkumar S"]
[Result "1-0"]
[WhiteElo "2597"]
[BlackElo "1429"]
[Annotator "TA"]
[PlyCount "91"]
[EventDate "2021.02.19"]
[EventType "team-tourn"]
[EventCountry "NET"]
[SourceTitle "playchess.com"]
[Source "ChessBase"]
[SourceQuality "1"]

1. c4 g6 2. d4 Bg7 3. Nf3 c5 4. e4 Nc6 5. Be3 cxd4 6. Nxd4 Qa5+ 7. Nc3 Nf6 8. f3 O-O 9. Be2 Ne8 10. O-O f5 11. Nb3 Qc7 12. Nd5 Qd8 13. Qd2 e6 14. Nc3 Bxc3 15. Qxc3 f4 16. Bf2 e5 17. Rfd1 Qf6 18. Rd2 Nc7 19. Rad1 Rf7 20. c5 b6 21. Rd6 Qe7 22. Bc4 Ne6 23. Bxe6 dxe6 24. Rxc6 Bb7 25. Rcd6 Rc8 26. Qb4 Bc6 27. cxb6 axb6 28. Qxb6 g5 29. Rxc6 Rxc6 30. Qxc6 g4 31. Qd6 gxf3 32. Qxe7 Rxe7 33. gxf3 Rg7+ 34. Kf1 h5 35. Rd6 Rg6 36. Nc5 Kf7 37. Rxe6 Rxe6 38. Nxe6 Kxe6 39. b4 Kd6 40. b5 Kc7 41. a4 Kb7 42. a5 Kc7 43. a6 Kb8 44. b6 Ka8 45. Ke2 Kb8 46. Kd3 1-0

[Event "1st FIDE OWCCCC Pools-East 2021"]
[Site "Online"]
[Date "2021.02.19"]
[Round "2.27"]
[White "Stankova, Radka"]
[Black "Kavikondala, Nagendra Gopal"]
[Result "0-1"]
[WhiteElo "1842"]
[BlackElo "2332"]
[Annotator "TA"]
[PlyCount "78"]
[EventDate "2021.02.19"]
[EventType "team-tourn"]
[EventCountry "NET"]
[SourceTitle "playchess.com"]
[Source "ChessBase"]
[SourceQuality "1"]

1. e4 c5 2. Be2 Nc6 3. d3 d6 4. f4 g6 5. Nf3 Bg7 6. O-O e6 7. Qe1 Nd4 8. Bd1 Ne7 9. c3 Nxf3+ 10. Rxf3 d5 11. e5 Nc6 12. Be3 b6 13. Ba4 Bd7 14. Bxc6 Bxc6 15. d4 Bf8 16. Nd2 cxd4 17. Bxd4 Rc8 18. Rh3 Be7 19. Qf2 Bb7 20. Kh1 Qd7 21. Nf3 Ba6 22. g4 Bb7 23. Nh4 Rc4 24. Rd1 Qc8 25. f5 gxf5 26. gxf5 Rg8 27. fxe6 fxe6 28. Rf1 Kd7 29. Ng2 Rf8 30. Rf3 Rxf3 31. Qxf3 Qg8 32. Ne3 Rc8 33. Rg1 Qf8 34. Qxf8 Rxf8 35. Rg7 h5 36. Kg2 Ba6 37. Rh7 Be2 38. Kg3 Ke8 39. Ng2 Rf3# 0-1

[Event "1st FIDE OWCCCC Pools-East 2021"]
[Site "Online"]
[Date "2021.02.19"]
[Round "2.27"]
[White "Abu Bakr Mohamed, Mahmoud"]
[Black "Beltz, Franziska"]
[Result "1-0"]
[WhiteElo "1707"]
[BlackElo "2072"]
[Annotator "NA"]
[PlyCount "63"]
[EventDate "2021.02.19"]
[EventType "team-tourn"]
[EventCountry "NET"]
[SourceTitle "playchess.com"]
[Source "ChessBase"]
[SourceQuality "1"]

1. d4 Nf6 2. Bf4 g6 3. e3 Bg7 4. Nf3 O-O 5. Be2 d5 6. h3 c5 7. c3 b6 8. Nbd2 Nc6 9. O-O cxd4 10. exd4 Bf5 11. Re1 Rc8 12. Ba6 Qd7 13. Bxc8 Rxc8 14. Ne5 Nxe5 15. Bxe5 b5 16. a3 a5 17. Nb3 b4 18. Nc5 Qc6 19. axb4 axb4 20. Ra6 Qb5 21. Qa4 Qxa4 22. Rxa4 bxc3 23. bxc3 Ne4 24. Nxe4 Bxe5 25. Nc5 Bf6 26. Rea1 Kg7 27. Ra8 Rc7 28. g4 Bc2 29. R1a2 Bd1 30. Kg2 e5 31. Rd2 exd4 32. cxd4 1-0

[Event "1st FIDE OWCCCC Pools-East 2021"]
[Site "Online"]
[Date "2021.02.19"]
[Round "2.28"]
[White "Langr, Petr"]
[Black "Antonova, Svetlana"]
[Result "0-1"]
[WhiteElo "1538"]
[BlackElo "1711"]
[Annotator "NA"]
[PlyCount "170"]
[EventDate "2021.02.19"]
[EventType "team-tourn"]
[EventCountry "NET"]
[SourceTitle "playchess.com"]
[Source "ChessBase"]
[SourceQuality "1"]

1. d4 Nf6 2. Bf4 e6 3. e3 b6 4. Nf3 Bb7 5. Nbd2 Be7 6. Bd3 O-O 7. O-O d5 8. c3 Nbd7 9. Qc2 Rc8 10. Be5 h6 11. Qd1 c5 12. dxc5 Nxc5 13. Bc2 Ba6 14. Re1 Bd3 15. Nb3 Bxc2 16. Qxc2 Bd6 17. Nxc5 Bxc5 18. Bxf6 Qxf6 19. Qe2 Rfd8 20. Red1 Rc7 21. Rd2 Rdc8 22. Rad1 Bf8 23. g3 Qe7 24. Kg2 Qe8 25. Rc2 Qa4 26. a3 a6 27. Rdc1 b5 28. Nd4 Qc4 29. Qxc4 Rxc4 30. Ne2 a5 31. Kf1 b4 32. Ke1 bxc3 33. Rxc3 Rxc3 34. Rxc3 Rb8 35. Rc2 f6 36. Nd4 Kf7 37. Kd2 e5 38. Ne2 Ke6 39. Kd3 Kd7 40. Nc3 Kd6 41. Ne2 Be7 42. Nc1 Bd8 43. Na2 Ke6 44. Nc3 Kd6 45. Na4 Ke6 46. Nc3 Kd6 47. Ne2 Ke6 48. Kd2 Kd6 49. Kc1 Ke6 50. Rc5 Kd6 51. Rc2 Bb6 52. Nc3 Bd8 53. Rd2 Ke6 54. Rxd5 Rc8 55. Rb5 Kd6 56. Kd2 Ke6 57. Rd5 Rxc3 58. bxc3 Kxd5 59. Kd3 Bb6 60. f3 a4 61. e4+ Kc5 62. h3 Ba5 63. g4 g6 64. h4 g5 65. h5 Bb6 66. Kc2 Kc4 67. Kb2 Bc5 68. Kc2 Bd6 69. Kb2 Bc5 70. Kc2 Bb6 71. Kb2 Kd3 72. Kc1 Kxc3 73. Kb1 Kb3 74. Ka1 Kxa3 75. Kb1 Bd4 76. Kc1 Kb3 77. Kb1 a3 78. Kc1 a2 79. Kd1 a1=Q+ 80. Kd2 Qb2+ 81. Ke1 Bc3+ 82. Kf1 Qc2 83. Kg1 Bd4+ 84. Kh1 Qf2 85. f4 Qg1# 0-1

[Event "1st FIDE OWCCCC Pools-East 2021"]
[Site "Online"]
[Date "2021.02.19"]
[Round "2.28"]
[White "Vudumula, Deepthi"]
[Black "Lasek, Tomas"]
[Result "0-1"]
[WhiteElo "950"]
[BlackElo "1240"]
[Annotator "NA"]
[PlyCount "46"]
[EventDate "2021.02.19"]
[EventType "team-tourn"]
[EventCountry "NET"]
[SourceTitle "playchess.com"]
[Source "ChessBase"]
[SourceQuality "1"]

1. e4 e5 2. Nc3 c5 3. Nf3 Nc6 4. Bb5 a6 5. Ba4 b5 6. Bb3 c4 7. Bxc4 bxc4 8. d3 cxd3 9. Qxd3 Nb4 10. Qd1 d6 11. Nd5 Qa5 12. Bd2 Rb8 13. Nxb4 Rxb4 14. Bxb4 Qxb4+ 15. Qd2 Qb5 16. b3 d5 17. exd5 e4 18. Ne5 Bb7 19. O-O-O Ba3+ 20. Kb1 Nf6 21. d6 Qxe5 22. d7+ Kd8 23. Rhe1 Qb2# 0-1

[Event "1st FIDE OWCCCC Pools-East 2021"]
[Site "Online"]
[Date "2021.02.19"]
[Round "2.28"]
[White "Chakraborty, Sulagna"]
[Black "Drzewiecki, Sebastian"]
[Result "0-1"]
[WhiteElo "134"]
[BlackElo "1346"]
[Annotator "NA"]
[PlyCount "40"]
[EventDate "2021.02.19"]
[EventType "team-tourn"]
[EventCountry "NET"]
[SourceTitle "playchess.com"]
[Source "ChessBase"]
[SourceQuality "1"]

1. e4 c5 2. c4 d6 3. Be2 Nc6 4. Nf3 Nf6 5. Nh4 Nxe4 6. Bd3 Nf6 7. Nf5 Ne5 8. Qa4+ Bd7 9. Nxd6+ exd6 10. Bf5 Nc6 11. Bxd7+ Qxd7 12. f3 Nd4 13. Qxd7+ Kxd7 14. Na3 Re8+ 15. Kd1 a6 16. f4 g6 17. Rf1 Bg7 18. g3 Re2 19. Rf2 Rxf2 20. h3 Rf1# 0-1

[Event "1st FIDE OWCCCC Pools-East 2021"]
[Site "Online"]
[Date "2021.02.19"]
[Round "2.29"]
[White "Artemiev, Vladislav"]
[Black "Tsichlis, Georgios"]
[Result "1-0"]
[WhiteElo "2709"]
[BlackElo "2167"]
[Annotator "RC"]
[PlyCount "53"]
[EventDate "2021.02.19"]
[EventType "team-tourn"]
[EventCountry "NET"]
[SourceTitle "playchess.com"]
[Source "ChessBase"]
[SourceQuality "1"]

1. c4 Nf6 2. Nc3 e6 3. Nf3 d5 4. e3 Be7 5. b3 O-O 6. Bb2 c5 7. cxd5 Nxd5 8. Qb1 Nxc3 9. Bxc3 Bf6 10. Bd3 h6 11. O-O Nc6 12. Bxf6 Qxf6 13. Rc1 b6 14. Bh7+ Kh8 15. Be4 Bb7 16. d4 Na5 17. dxc5 bxc5 18. Bxb7 Nxb7 19. Qe4 Qe7 20. Ne5 Rfc8 21. Rd1 Rc7 22. h3 Rac8 23. Rd2 Nd6 24. Qf4 c4 25. Rxd6 Qxd6 26. Nxf7+ Rxf7 27. Qxd6 1-0

[Event "1st FIDE OWCCCC Pools-East 2021"]
[Site "Online"]
[Date "2021.02.19"]
[Round "2.29"]
[White "Hlavsa, Petr"]
[Black "Levitan, Ronit"]
[Result "*"]
[WhiteElo "2164"]
[BlackElo "2048"]
[Annotator "TA"]
[PlyCount "74"]
[EventDate "2021.02.19"]
[EventType "team-tourn"]
[EventCountry "NET"]
[SourceTitle "playchess.com"]
[Source "ChessBase"]
[SourceQuality "1"]

1. e4 e5 2. Nf3 Nc6 3. Bc4 Bc5 4. c3 Nf6 5. d3 d6 6. O-O Bb6 7. b4 O-O 8. Be3 Ne7 9. a4 Ng6 10. a5 Bxe3 11. fxe3 c6 12. Bb3 d5 13. exd5 e4 14. dxe4 Nxe4 15. Qd4 cxd5 16. Bxd5 Nf6 17. Bb3 Bg4 18. Qxd8 Raxd8 19. Nd4 Rfe8 20. h3 Bc8 21. Re1 Nd5 22. Bxd5 Rxd5 23. Nd2 Ne5 24. e4 Rd6 25. N2f3 Nxf3+ 26. Nxf3 Rd3 27. Rac1 Bxh3 28. Nd4 Bd7 29. Rc2 Rc8 30. Rec1 Ba4 31. Ra2 Rxd4 32. Rxa4 Rxe4 33. Ra2 Rxb4 34. Kf2 Rbc4 35. Ra3 b6 36. axb6 axb6 37. Rb3 R8c6 *

[Event "1st FIDE OWCCCC Pools-East 2021"]
[Site "Online"]
[Date "2021.02.19"]
[Round "2.29"]
[White "Kosteniuk, Oksana"]
[Black "Maes, Tibo"]
[Result "0-1"]
[WhiteElo "2096"]
[BlackElo "1904"]
[Annotator "NA"]
[PlyCount "84"]
[EventDate "2021.02.19"]
[EventType "team-tourn"]
[EventCountry "NET"]
[SourceTitle "playchess.com"]
[Source "ChessBase"]
[SourceQuality "1"]

1. Nf3 Nf6 2. g3 g6 3. Bg2 Bg7 4. c3 d5 5. d3 O-O 6. O-O c6 7. Bf4 Nbd7 8. Nbd2 Re8 9. e4 dxe4 10. Nxe4 Nxe4 11. dxe4 Qb6 12. Qc2 e5 13. Be3 Qa6 14. Rfd1 Nf6 15. Bf1 Qa5 16. b4 Qc7 17. Bc5 Bg4 18. Bd6 Qc8 19. Be2 Bxf3 20. Bxf3 Qe6 21. c4 Rad8 22. Bc5 b6 23. Be3 h5 24. h4 Ng4 25. Bxg4 Qxg4 26. Kg2 Qe6 27. Rd3 f5 28. f3 f4 29. gxf4 exf4 30. Bxf4 Bxa1 31. Qd1 Rxd3 32. Qxd3 Bf6 33. a3 Rd8 34. Qc2 Bxh4 35. e5 Qf5 36. Qc1 Qd3 37. c5 b5 38. e6 Qe2+ 39. Kh3 Qxf3+ 40. Kh2 Rd3 41. Bd6 Qf2+ 42. Kh1 Rh3+ 0-1

[Event "1st FIDE OWCCCC Pools-East 2021"]
[Site "Online"]
[Date "2021.02.19"]
[Round "2.29"]
[White "Markin, Dmytro"]
[Black "Boumediene, Ahmed Amine"]
[Result "1-0"]
[WhiteElo "1857"]
[BlackElo "1103"]
[Annotator "NA"]
[PlyCount "69"]
[EventDate "2021.02.19"]
[EventType "team-tourn"]
[EventCountry "NET"]
[SourceTitle "playchess.com"]
[Source "ChessBase"]
[SourceQuality "1"]

1. e4 e5 2. Nf3 Nf6 3. d4 Nxe4 4. Bd3 Nd6 5. dxe5 Qe7 6. Qe2 Nc6 7. exd6 cxd6 8. O-O Qxe2 9. Bxe2 Ne5 10. Bf4 Nxf3+ 11. Bxf3 h6 12. Nc3 g5 13. Bg3 Bg7 14. Rfe1+ Be5 15. Bxe5 dxe5 16. Rxe5+ Kf8 17. Rae1 Kg7 18. Re8 Rxe8 19. Rxe8 a5 20. Nb5 Ra6 21. Rxc8 Re6 22. Kf1 f5 23. a4 g4 24. Bxb7 h5 25. Rc7 Re7 26. Bc8 Kg6 27. Rxd7 Re8 28. Rd6+ Kg5 29. Bd7 h4 30. Bxe8 h3 31. g3 f4 32. Rg6+ Kh5 33. gxf4 g3 34. Rg5+ Kh4 35. hxg3# 1-0

[Event "1st FIDE OWCCCC Pools-East 2021"]
[Site "Online"]
[Date "2021.02.19"]
[Round "2.29"]
[White "Saurabh Shejwalkar"]
[Black "Rozenfeld, Eugene"]
[Result "1-0"]
[WhiteElo "1817"]
[BlackElo "836"]
[Annotator "NA"]
[PlyCount "59"]
[EventDate "2021.02.19"]
[EventType "team-tourn"]
[EventCountry "NET"]
[SourceTitle "playchess.com"]
[Source "ChessBase"]
[SourceQuality "1"]

1. e4 c5 2. c3 Nf6 3. e5 Nd5 4. d4 cxd4 5. cxd4 d6 6. exd6 Qxd6 7. Nc3 Nc6 8. Bc4 Nb6 9. Bb5 Bd7 10. Nf3 a6 11. Bd3 Nxd4 12. Nxd4 Qxd4 13. Be3 Qb4 14. O-O e6 15. a3 Qxb2 16. Qe1 Na4 17. Bd4 Nxc3 18. Bxc3 Qb6 19. Rb1 Qc7 20. Ba5 Qd6 21. Be4 Bc6 22. Qe3 Qxa3 23. Bxc6+ bxc6 24. Qb6 Qa4 25. Qb7 Rd8 26. Bxd8 Ba3 27. Rfd1 O-O 28. Be7 Bxe7 29. Qxe7 a5 30. Rd8 1-0

[Event "1st FIDE OWCCCC Pools-East 2021"]
[Site "Online"]
[Date "2021.02.19"]
[Round "2.30"]
[White "Stamos, Filippos"]
[Black "Boyko, Igor K."]
[Result "1-0"]
[WhiteElo "2152"]
[BlackElo "1977"]
[Annotator "NA"]
[PlyCount "51"]
[EventDate "2021.02.19"]
[EventType "team-tourn"]
[EventCountry "NET"]
[SourceTitle "playchess.com"]
[Source "ChessBase"]
[SourceQuality "1"]

1. d4 Nf6 2. c4 e6 3. Nf3 d5 4. g3 b6 5. Bg2 Bb7 6. O-O Be7 7. Ne5 O-O 8. Nc3 Qc8 9. Bg5 dxc4 10. Bxb7 Qxb7 11. Qa4 h6 12. Bxf6 Bxf6 13. Qxc4 c5 14. Nf3 cxd4 15. Nxd4 Nd7 16. Rfd1 Rac8 17. Qd3 Nc5 18. Qe3 Rfd8 19. b4 Na6 20. b5 Nb4 21. Rac1 Rc4 22. Nb3 Rxd1+ 23. Nxd1 Rxc1 24. Nxc1 Qd5 25. Nd3 Nxd3 26. Qxd3 1-0

[Event "1st FIDE OWCCCC Pools-East 2021"]
[Site "Online"]
[Date "2021.02.19"]
[Round "2.30"]
[White "Vallet, Vincent"]
[Black "Raytsev, Sergey"]
[Result "1-0"]
[WhiteElo "1779"]
[BlackElo "1751"]
[Annotator "NA"]
[PlyCount "71"]
[EventDate "2021.02.19"]
[EventType "team-tourn"]
[EventCountry "NET"]
[SourceTitle "playchess.com"]
[Source "ChessBase"]
[SourceQuality "1"]

1. e4 g6 2. d4 Bg7 3. c3 b6 4. Nf3 Bb7 5. Bd3 d6 6. O-O e6 7. Bf4 Ne7 8. Re1 Nd7 9. Qd2 h6 10. Qe3 Nf6 11. h3 Nh5 12. Bh2 Nf6 13. e5 Nfd5 14. Qe2 O-O 15. a3 Nc8 16. Nbd2 dxe5 17. Nxe5 Nd6 18. Ndf3 Rc8 19. c4 Ne7 20. Rad1 c6 21. Nxg6 Nxg6 22. Bxg6 Qf6 23. Bb1 Nf5 24. Be5 Qg6 25. Nh4 Qg5 26. Nxf5 exf5 27. Bxg7 Qxg7 28. Qe5 Rce8 29. Qxe8 Rxe8 30. Rxe8+ Qf8 31. Rxf8+ Kxf8 32. Bxf5 f6 33. d5 Kf7 34. d6 Ba6 35. d7 Bxc4 36. d8=Q 1-0

[Event "1st FIDE OWCCCC Pools-East 2021"]
[Site "Online"]
[Date "2021.02.19"]
[Round "2.30"]
[White "Tang, Michael"]
[Black "Vasir, Balveer singh"]
[Result "1/2-1/2"]
[WhiteElo "1719"]
[BlackElo "2023"]
[Annotator "NA"]
[PlyCount "103"]
[EventDate "2021.02.19"]
[EventType "team-tourn"]
[EventCountry "NET"]
[SourceTitle "playchess.com"]
[Source "ChessBase"]
[SourceQuality "1"]

1. d4 Nf6 2. c4 e5 3. dxe5 Ng4 4. Nf3 Bc5 5. e3 Nc6 6. Be2 Ngxe5 7. Nc3 a5 8. b3 Ra6 9. Bb2 O-O 10. O-O Nxf3+ 11. Bxf3 Ne5 12. Be4 Rh6 13. g3 d6 14. Na4 Qe7 15. Bxe5 Qxe5 16. Nxc5 Qxc5 17. Qd2 Qh5 18. f4 Bh3 19. Rf2 b6 20. a3 Qc5 21. Bg2 Bxg2 22. Kxg2 Re6 23. Re2 Rfe8 24. Kf2 Qh5 25. Kg2 Rh6 26. Kg1 Qc5 27. Kg2 Rhe6 28. Kf2 h5 29. b4 axb4 30. axb4 Qxc4 31. Rc1 Qb5 32. Rxc7 Re4 33. Qxd6 Rxb4 34. Rb7 Rb2 35. Rxb2 Qxb2+ 36. Kf3 Qb3 37. Qxb6 Qd5+ 38. Kf2 Qd2+ 39. Kf3 Qd1+ 40. Kf2 Qh1 41. Rb8 Qxh2+ 42. Kf3 Qh1+ 43. Kf2 Qh2+ 44. Kf3 Qh1+ 45. Kf2 Rxb8 46. Qxb8+ Kh7 47. Qe5 Qd1 48. Qf5+ Kg8 49. Qc8+ Kh7 50. Qf5+ Kg8 51. Qc8+ Kh7 52. Qf5+ 1/2-1/2

[Event "1st FIDE OWCCCC Pools-East 2021"]
[Site "Online"]
[Date "2021.02.19"]
[Round "2.30"]
[White "Deboosere, Adam Moussa"]
[Black "Firsov, Stepan"]
[Result "1-0"]
[WhiteElo "1702"]
[BlackElo "1842"]
[Annotator "NA"]
[PlyCount "25"]
[EventDate "2021.02.19"]
[EventType "team-tourn"]
[EventCountry "NET"]
[SourceTitle "playchess.com"]
[Source "ChessBase"]
[SourceQuality "1"]

1. Nf3 d5 2. c4 dxc4 3. e3 Nf6 4. Bxc4 Nc6 5. O-O Bg4 6. Qb3 e6 7. Qxb7 Bxf3 8. gxf3 Ne7 9. Bb5+ c6 10. Bxc6+ Nxc6 11. Qxc6+ Ke7 12. b3 Rc8 13. Ba3+ 1-0

[Event "1st FIDE OWCCCC Pools-East 2021"]
[Site "Online"]
[Date "2021.02.19"]
[Round "2.30"]
[White "USTech_dillichandu"]
[Black "White, John S."]
[Result "0-1"]
[WhiteElo "1377"]
[BlackElo "2235"]
[Annotator "NA"]
[PlyCount "50"]
[EventDate "2021.02.19"]
[EventType "team-tourn"]
[EventCountry "NET"]
[SourceTitle "playchess.com"]
[Source "ChessBase"]
[SourceQuality "1"]

1. e4 d5 2. Bd3 dxe4 3. Bxe4 Nf6 4. Bf3 e5 5. Ne2 e4 6. Nf4 exf3 7. Qxf3 Nc6 8. Qe3+ Be7 9. O-O O-O 10. d3 Bf5 11. Nd2 Re8 12. b3 Bd6 13. Qg3 Nh5 14. Qf3 Nxf4 15. Kh1 Nd4 16. Qxb7 Qh4 17. g3 Qh3 18. gxf4 Bxf4 19. Qg2 Qh6 20. Nf3 Nxf3 21. Bxf4 Qxf4 22. a4 Re6 23. a5 Rh6 24. Ra4 Rxh2+ 25. Qxh2 Qxh2# 0-1

[Event "1st FIDE OWCCCC Pools-East 2021"]
[Site "Online"]
[Date "2021.02.19"]
[Round "2.31"]
[White "Mamikonyan, Tigran"]
[Black "Evaliae"]
[Result "1-0"]
[WhiteElo "2308"]
[BlackElo "320"]
[Annotator "TA"]
[PlyCount "31"]
[EventDate "2021.02.19"]
[EventType "team-tourn"]
[EventCountry "NET"]
[SourceTitle "playchess.com"]
[Source "ChessBase"]
[SourceQuality "1"]

1. e4 e5 2. Nf3 Nc6 3. Bc4 Nf6 4. Ng5 Nxe4 5. Bxf7+ Ke7 6. d4 Nxg5 7. Bxg5+ Kd6 8. Bxd8 exd4 9. Bh4 Nb4 10. Qe2 Nxc2+ 11. Qxc2 c5 12. Qe4 Kc7 13. Bg3+ d6 14. Na3 b6 15. Nb5+ Kd7 16. Qe8# 1-0

[Event "1st FIDE OWCCCC Pools-East 2021"]
[Site "Online"]
[Date "2021.02.19"]
[Round "2.31"]
[White "Jagdale, Rahul"]
[Black "Mititelu, Alina"]
[Result "1-0"]
[WhiteElo "1531"]
[BlackElo "1751"]
[Annotator "NA"]
[PlyCount "103"]
[EventDate "2021.02.19"]
[EventType "team-tourn"]
[EventCountry "NET"]
[SourceTitle "playchess.com"]
[Source "ChessBase"]
[SourceQuality "1"]

1. e4 e5 2. Nf3 Nc6 3. Bc4 d6 4. d4 exd4 5. Nxd4 Nxd4 6. Qxd4 Qf6 7. c3 Be7 8. Be3 Qxd4 9. Bxd4 Bf6 10. Nd2 Bxd4 11. cxd4 Nf6 12. Ke2 O-O 13. f3 Re8 14. Kd3 c6 15. a4 Nd7 16. a5 Nf6 17. g4 Be6 18. b3 b6 19. axb6 axb6 20. Bxe6 fxe6 21. Nc4 d5 22. Nxb6 dxe4+ 23. fxe4 Rab8 24. g5 Nxe4 25. Kxe4 Rxb6 26. Ra7 Rxb3 27. Rf1 Rf8 28. Rxf8+ Kxf8 29. Rc7 Rb5 30. h4 Rf5 31. Rxc6 Kf7 32. d5 Rf1 33. Rc7+ Kg6 34. dxe6 Re1+ 35. Kd5 Rd1+ 36. Ke5 Re1+ 37. Kd6 Rd1+ 38. Ke7 Rf1 39. Kd8 Kh5 40. e7 Re1 41. e8=Q+ Rxe8+ 42. Kxe8 Kxh4 43. Rc5 h5 44. Kf7 Kg4 45. Kxg7 h4 46. g6 h3 47. Kf8 h2 48. Rc1 Kg3 49. g7 Kg2 50. g8=Q+ Kh3 51. Rc7 h1=Q 52. Rh7# 1-0